| 000 | 00367nam a2200145Ia 4500 | ||
|---|---|---|---|
| 003 | OSt | ||
| 008 | 191201s2011 xx 000 0 und d | ||
| 082 |
_a801 _bBHP |
||
| 100 | _aBHARDWAJ, Mathli Parsad | ||
| 245 | 0 | _aPaschatya Kavya Shastra K Sidhant | |
| 260 |
_aNew Delhi _bHaryana Granth Academy _c2011 |
||
| 300 | _a534 | ||
| 650 | _aGeneral Books | ||
| 942 |
_2ddc _cBK |
||
| 999 |
_c6727 _d6727 |
||